000 00875cam a2200301 4500
001 J94885
008 090401t1998 xxu||||| |||| 00| 0 eng d
035 _a(Sirsi) u89524
041 _aeng
050 _a346.4104343
110 _aJones Lang Wootton
_92909
245 _aRetail OSCAR : service charge analysis for shopping centres 1998.
260 _aLondon
_bJones Lang Wootton
_c1998
300 _a12p. ; 30cm.
350 _a0
520 _aIncorporates data from the Crown Estate, Land Securities, MEPC, Norwich Union and Prudential.
650 _aCROWN ESTATE
650 _aLAND SECURITIES
650 _aMEPC
650 _aNORWICH UNION
650 _aOFFICE SERVICE CHARGE ANALYSIS
650 _aPRUDENTIAL
650 _aRETAIL PROPERTY
650 _aSERVICE CHARGES
690 _aPROPERTY-COMMERCIAL PROPERTY
942 _n0
948 _c04/11/1998
999 _c97467
_d97467